| 000 | 00846nam a2200265 a 4500 | ||
|---|---|---|---|
| 999 |
_c5529 _d5529 |
||
| 001 | 5529 | ||
| 003 | UkOxU | ||
| 005 | 20220120134023.0 | ||
| 008 | 990409s2007 enk d 000 0 eng d | ||
| 020 | _a0198602863 | ||
| 035 | _a(BD-JhCC)5529 | ||
| 040 |
_aBDS _dBD-JhCC |
||
| 041 | _aeng | ||
| 082 | 0 |
_a423.1 _221 _bSPO 1999 |
|
| 245 | 0 | 4 |
_aA dictionary of synonyms and antonyms / _bSpooner Alan |
| 250 | _a2nd ed. | ||
| 260 |
_aOxford : _bOxford University Press, _c2007. |
||
| 300 |
_ax, 514 p. ; _c20 cm. |
||
| 500 | _aPrevious ed. published under the title: A dictionary of synonyms and antonyms, 1999; updated, 2005. | ||
| 650 | 0 |
_aEnglish language _xSynonyms and antonyms _vDictionaries. |
|
| 700 | 1 |
_aSpooner, Alan. _tOxford quick reference thesaurus. |
|
| 830 | 0 | _aOxford paperback reference. | |
| 942 |
_2ddc _cBK _04 |
||